[Event "Chennai Murali Mohan Memorial 2nd"]
[Site "Chennai"]
[Date "2023.07.15"]
[Round "4"]
[White "Kunal, M."]
[Black "Haridev, S."]
[Result "1-0"]
[WhiteElo "2114"]
[BlackElo "1610"]
[PlyCount "65"]
[EventDate "2023.07.15"]
[EventType "swiss (rapid)"]
[EventRounds "9"]
[EventCountry "IND"]
[SourceTitle "CBM 215 Extra"]
[Source "ChessBase"]
[SourceDate "2023.09.30"]
[SourceVersion "1"]
[SourceVersionDate "2023.09.30"]
[SourceQuality "1"]

1. e4 c5 2. Nf3 d6 3. Bb5+ Bd7 4. Bxd7+ Nxd7 5. 0-0 Ngf6 6. Qe2 e6 7. b3 a6 8. c4 e5 9. Nc3 g6 10. a3 Bg7 11. b4 b6 12. d3 0-0 13. Rb1 h6 14. Ne1 Ne8 15. Nc2 f5 16. exf5 gxf5 17. f4 Nc7 18. Ne3 Ne6 19. fxe5 f4 20. Ned5 Nd4 21. Qh5 Rf5 22. Qh3 dxe5 23. bxc5 bxc5 24. Ne4 Qf8 25. Bb2 Ne2+ 26. Kf2 f3 27. Qxf5 fxg2 28. Qxf8+ Rxf8+ 29. Kxg2 Re8 30. Rbe1 Nd4 31. Bxd4 exd4 32. Nef6+ Nxf6 33. Nxf6+ 1-0

[Event "IND-ch U12"]
[Site "Srinivasapura"]
[Date "2022.04.13"]
[Round "9"]
[White "Haridev, S."]
[Black "Aakash, G2222"]
[Result "1/2-1/2"]
[WhiteElo "1492"]
[BlackElo "1611"]
[PlyCount "98"]
[EventDate "2022.04.09"]
[EventType "swiss"]
[EventRounds "11"]
[EventCountry "IND"]
[SourceTitle "EXT 2023"]
[Source "ChessBase"]
[SourceDate "2022.10.05"]
[SourceVersion "1"]
[SourceVersionDate "2022.10.05"]
[SourceQuality "1"]

1. e4 e6 2. d4 d5 3. exd5 exd5 4. Nf3 Nf6 5. Bd3 c5 6. dxc5 Bxc5 7. 0-0 0-0 8. Bg5 Nc6 9. c3 Bg4 10. Nbd2 Ne5 11. Be2 Ng6 12. h3 Bxf3 13. Bxf3 h6 14. Bxf6 Qxf6 15. Bxd5 Rad8 16. Ne4 Qe5 17. Bxf7+ Kh8 18. Qg4 Nf4 19. Nxc5 Rxf7 20. g3 Nxh3+ 21. Qxh3 Qxc5 22. Qg2 Rd3 23. Rad1 Rdf3 24. Rd2 Kh7 25. Re1 R7f6 26. Rde2 Qb6 27. Re3 Rxe3 28. Rxe3 Qxb2 29. Qe4+ Rg6 30. Kg2 b5 31. a4 bxa4 32. Qxa4 Qb7+ 33. Qe4 Qxe4+ 34. Rxe4 Rc6 35. Re7 a5 36. Ra7 Rc5 37. c4 Kg6 38. Kf3 Kf5 39. Rxg7 Rxc4 40. g4+ Kf6 41. Rh7 Kg6 42. Ra7 a4 43. Ra6+ Kg7 44. Kg3 Rc3+ 45. Kh4 a3 46. g5 hxg5+ 47. Kxg5 Kf7 48. f4 Re3 49. f5 Rc3 1/2-1/2